Estructuras compuestas de madera sólida y madera contrachapeada

Salvato in:
Dettagli Bibliografici
Autore principale: Fernández Córdoba, Carlos A.
Natura: Sconosciuto
Pubblicazione: [San José, Costa Rica] 1974
Soggetti:
Tags: Aggiungi Tag
Nessun Tag, puoi essere il primo ad aggiungerne!!

MARC

LEADER 00000 a2200000 4500
003 011472
005 20221231143821.0
008 140114s1974 c a m 000 ||s d
040 |c cru CEDI 
090 |a TFG 554 
100 |a Fernández Córdoba, Carlos A.  |9 16694 
245 |a Estructuras compuestas de madera sólida y madera contrachapeada 
260 |c 1974  |a [San José, Costa Rica] 
300 |a  44 hojas : ilustraciones gráficos  
500 |a  Tesis (Ingeniero civil) Universidad de Costa Rica.  
650 |x MATERIALES DE CONSTRUCCION - PRUEBAS   |x MADERA CONTRACHAPADA   |x INDUSTRIA DE LA MADERA  |9 16695 
942 |c TFG 
999 |c 12430  |d 12430